[Event "FRA-chT3 Gr01 0607"]
[Site "France"]
[Date "2007.02.11"]
[Round "6.8"]
[White "Llovera Billaud, Marine"]
[Black "Baudson, Chantal"]
[Result "0-1"]
[WhiteElo "1199"]
[BlackElo "1460"]
[PlyCount "50"]
[EventDate "2006.10.15"]
[EventType "team"]
[EventRounds "9"]
[EventCountry "FRA"]
[SourceTitle "EXT 2008"]
[Source "ChessBase"]
[SourceDate "2007.11.25"]
[SourceVersion "1"]
[SourceVersionDate "2007.11.25"]
[SourceQuality "1"]

1. e4 e5 2. Nf3 Nc6 3. Be2 Nf6 4. 0-0 Nxe4 5. c3 Nf6 6. d4 e4 7. Nfd2 d5 8. Na3 Bxa3 9. bxa3 0-0 10. f3 Re8 11. c4 Nxd4 12. fxe4 Nxe2+ 13. Qxe2 Nxe4 14. Qd1 Nxd2 15. Qxd2 c6 16. Qc3 d4 17. Qb2 c5 18. Bd2 b6 19. Rf4 Re2 20. Rd1 Bb7 21. Rg4 Qd7 22. Rg3 Qc6 23. Kf1 Rxg2 24. Rh3 Qf6+ 25. Ke1 Qf2# 0-1